| 000 | 00000nam##2200000za#4500 |
| 001 | 9.614908 |
| 003 | CaOODSP |
| 005 | 20200514165612 |
| 007 | ta |
| 008 | 150406|1999||||xxc||||| f|0| 0 eng|d |
| 020 | |a0-662-28071-7 |
| 040 | |aCaOODSP|beng |
| 043 | |an-cn--- |
| 086 | 1 |aNH15-323/1999E |
| 110 | 2 |aCanada Mortgage and Housing Corporation. |
| 245 | 14|aThe newcomer's guide to Canadian housing |
| 260 | |aOttawa - Ontario : |bCanada Mortgage and Housing Corporation |c1999. |
| 300 | |aiv, 47p. ; |c28 cm. |
| 490 | 1 |aResearch report. Housing affordability and finance series |
| 500 | |a"You've arrived in Canada. One of the most important tasks ahead of you is finding a place to live. Canada Mortgage and Housing Corporation (CMHC) has prepared this book to help you find a comfortable pace to live in a friendly neighbourhood."--Page 1. N.B.: Incorrect catalogue number (NH15-323/1998E) printed in this publication. |
| 520 | 3 |aYou've arrived in Canada. One of the most important tasks ahead of you is finding a place to live. Canada Mortgage and Housing Corporation (CMHC) has prepared this book to help you find a comfortable pace to live in a friendly neighbourhood.--Page 1 |
| 563 | |aRing binding |
| 590 | |a00-15|b2000-04-14 |
| 690 | 07|aHousing|2gcpds |
| 776 | 0#|tThe newcomer's guide to Canadian Housing |w(CaOODSP)9.573376 |
| 830 | #0|aResearch report. Housing affordability and finance series.|w(CaOODSP)9.514815 |
| 986 | |aPE0355 |